[Event "GER-chT U14"]
[Site "Duesseldorf"]
[Date "2016.12.27"]
[Round "2.1"]
[White "Meier, Julian"]
[Black "Stirnberg, Noah"]
[Result "0-1"]
[WhiteElo "1267"]
[BlackElo "1766"]
[PlyCount "80"]
[EventDate "2016.12.27"]
[EventType "team-swiss"]
[EventRounds "7"]
[EventCountry "GER"]
[SourceTitle "EXT 2018"]
[Source "ChessBase"]
[SourceDate "2017.10.13"]
[SourceVersion "1"]
[SourceVersionDate "2017.10.13"]
[SourceQuality "1"]
[WhiteTeam "Guetersloh U14"]
[BlackTeam "Paderborn Blauer Springer U14"]
[WhiteTeamCountry "GER"]
[BlackTeamCountry "GER"]

1. e4 c5 2. Nf3 d6 3. c3 Nf6 4. d3 Nc6 5. Nbd2 Bg4 6. Be2 e6 7. 0-0 Be7 8. Nb3 d5 9. exd5 exd5 10. d4 c4 11. Nbd2 0-0 12. b3 b5 13. h3 Be6 14. Qc2 Rc8 15. Ng5 cxb3 16. Nxb3 b4 17. Bd2 a5 18. a4 bxa3 19. Rfe1 Ne4 20. Nxe4 dxe4 21. Bd1 f5 22. f3 Nb4 23. Qb1 a2 24. Rxa2 Nxa2 25. Qxa2 a4 26. Qxa4 Ra8 27. Qb5 Rb8 28. Qa4 Bh4 29. Re3 Bd5 30. c4 f4 31. Re2 exf3 32. gxf3 Bxf3 33. Re5 Bxd1 34. Rb5 Bxb3 35. Qxb3 Qxd4+ 36. Kh1 Rxb5 37. cxb5+ Kh8 38. Qa3 Qe4+ 39. Kh2 Qe2+ 40. Kh1 Qf1+ 0-1